000
00262nam a2200097Ia 4500
001
1098444
005
20250827003111.0
008
250824s9999 xx 000 0 und d
245
0
_a
MÜMKÜN ÖYKÜLERİN EN İYİSİ
_c
AYKUT ERTUĞRUL
260
_b
KETEBE YAYINLARI
999
_c
1098444
_d
1098444